Compressors: selection and sizing

Salvato in:
Dettagli Bibliografici
Autore principale: Brown, Royce N (Autore)
Natura: Libro
Lingua:inglese
Pubblicazione: Houston Gulf 1986
Soggetti:
Tags: Aggiungi Tag
Nessun Tag, puoi essere il primo ad aggiungerne!!

MARC

LEADER 00000nam a2200000 a 4500
001 UCV6969
003 CL-VaPUC
008 881212e19860000US |||||||||||||||||eng|d
082 0 4 |a 621.5  |b BRO  |2 21 
100 0 |a Brown, Royce N  |e author  |9 300949 
245 1 0 |a Compressors: selection and sizing 
300 |a 498 p 
942 |c BK 
945 |d 19881212 00:00:00 
260 |a Houston  |b Gulf  |c 1986 
650 0 |a Compresores   |9 259361 
583 |a last modification  |c 19881212 00:00:00  |k Rodrigo Vera 
999 |c 212739  |d 212737 
952 |0 0  |1 0  |4 0  |6 621_500000000000000_BRO_1986  |7 0  |8 A  |9 194277  |a BIBING  |b BIBING  |d 2019-11-14  |i 2624745  |o 621.5 BRO 1986  |p 2624745  |r 2025-01-20  |w 2019-11-14  |y BK  |k EIQ